| 000 | 00413nam a2200169Ia 4500 | ||
|---|---|---|---|
| 003 | GCL | ||
| 008 | 140319s9999 xx 000 0 eng d | ||
| 040 |
_aGCL / _cGCL |
||
| 082 | 0 | 4 |
_a55.05 _bH A |
| 245 | 1 | 0 | _aAEROSOL - CLOUD - CLIMATE INTERACTIONS |
| 260 |
_a[S.N] : _bMACMILLAN PUBLISHING COMPANY ، _c1993 |
||
| 300 | _a235 | ||
| 650 | 0 | 4 | _aCLIMATE |
| 650 | 0 | 4 | _aAEROSOL |
| 650 | 0 | 4 | _aCLOUD |
| 942 |
_2ddc _cBK |
||
| 999 |
_c19444 _d19444 |
||